000 00738nam a2200265 i 4500
001 8106
003 ES-MaACL
005 20250904065056.0
007 t|
008 920218s1989 sp ||||1| spa d
020 _a8485815211
080 _a869.0(81)-14"19"
080 _a869.0(81)(Ivo,L.3.02)
100 1 _aIvo, Lêdo.
_965668
245 1 3 _aLa Moneda perdida /
_cLêdo Ivo ; traducción y edición de Amador Palacios.
250 _a[1ª] ed.
260 _aZaragoza :
_bOlifante,
_cD.L. 1989.
300 _a77 p. ;
_c21 cm.
490 1 _aOlifante
700 1 _aPalacios, Amador.
_988388
830 0 0 _aOlifante (Serie)
_9178046
852 _aES-MaACL
_jL-15546
_bR.119945
942 _2udc
999 _c8106
_d8106